000 00368nam a2200145Ia 4500
008 191201s2004 xx 000 0 und d
082 _a621.381
_bSUI
100 _aKUMAR, Sunil
245 0 _aIndustrial Electronics and Instrumentation
250 _a3rd
260 _aN.Delhi
_bS K Kataria and Sons
_c2004
300 _a283
650 _aB.Tech(ECE)
942 _2ddc
_cBK
999 _c1549
_d1549